00446nam a22001697a 450000500170000001000150001702000260003203500140005803700090007208200150008110000170009624500380011325000060015126000380015727000610019530000200025620250609164116.0 aENG-145218 c9789390514731a595.00 aEN-128750 bDBAD a823.91221 aBedi, Susham aA New World Romance/cSusham Bedi a1 c2018aRanikhetbAshoka University aHimalayana, Mall Road, Ranikhet Cantt.bRanikhete263645 c22cm(pb)a359p.